000 00363nam a2200145Ia 4500
008 230917s9999||||xx |||||||||||||| ||und||
040 _e82810
_aMAIN
041 _aEnglish
082 _a150.954 K965S
100 _aKuppuswamy, B
245 0 _aSource book of ancient Indian Psychology
260 _aNew Delhi
_bKonark
_c1993
300 _avi, 359 p.
942 _cBK
999 _c85979
_d85979